[Event "Fagernes International 2022"]
[Site "Fagernes"]
[Date "2022.04.11"]
[Round "2.7"]
[White "Carlin, Tormod"]
[Black "Pedersen, Max Moe"]
[Result "1-0"]
[WhiteElo "1630"]
[BlackElo "1933"]
[Annotator "NA RC"]
[PlyCount "171"]
[EventDate "2022.04.10"]
[EventCountry "NOR"]
[SourceTitle "playchess.com"]
[Source "ChessBase"]
[SourceQuality "1"]

1. d4 {[%emt 0:00:03]} d5 {[%emt 0:00:10]} 2. c4 {[%emt 0:00:04]} c6 {[%emt 0:00:04]} 3. Nc3 {[%emt 0:00:03]} Nf6 {[%emt 0:00:05]} 4. Nf3 {[%emt 0:00:03]} e6 {[%emt 0:00:06]} 5. Bg5 {[%emt 0:00:02]} dxc4 {[%emt 0:00:07]} 6. e4 {[%emt 0:00:04]} b5 {[%emt 0:00:09]} 7. e5 {[%emt 0:00:05]} h6 {[%emt 0:00:05]} 8. Bh4 {[%emt 0:00:02]} g5 {[%emt 0:00:06]} 9. Nxg5 {[%emt 0:00:01]} hxg5 {[%emt 0:00:10]} 10. Bxg5 Nbd7 {[%emt 0:00:08]} 11. g3 {[%emt 0:00:03]} Bb7 {[%emt 0:00:06]} 12. Bg2 {[%emt 0:00:03]} Qb6 {[%emt 0:00:06]} 13. exf6 {[%emt 0:00:05]} c5 {[%emt 0:00:06]} 14. d5 {[%emt 0:00:06]} O-O-O {[%emt 0:00:08]} 15. O-O {[%emt 0:00:07]} b4 {[%emt 0:00:05]} 16. Na4 {[%emt 0:00:09]} Qa6 {[%emt 0:00:09]} 17. a3 {[%emt 0:02:35]} Bxd5 {[%emt 0:00:10]} 18. Bxd5 {[%emt 0:02:08]} Ne5 {[%emt 0:00:05]} 19. Bxe6+ {[%emt 0:02:04]} Qxe6 {[%emt 0:03:21]} 20. Qe2 {[%emt 0:03:20]} Qd5 {[%emt 0:11:17]} 21. f3 {[%emt 0:06:37]} Rg8 {[%emt 0:07:53]} 22. Be3 {[%emt 0:08:10]} Nd3 {[%emt 0:20:55]} (22... b3 $1 $14) 23. axb4 {[%emt 0:07:56]} cxb4 {[%emt 0:02:09]} 24. Bxa7 {[%emt 0:04:49]} Kb7 {[%emt 0:01:44] [#]} 25. Qe3 {[%emt 0:09:11]} (25. Kh1 $1 $16) 25... Qd6 {[%emt 0:03:24]} (25... Qc6 $1 $11) 26. f4 {[%emt 0:22:59]} Qxf6 {[%emt 0:06:29]} 27. Rfd1 {[%emt 0:13:53] [#]} Qc6 $1 {[%emt 0:09:16]} 28. b3 {[%emt 0:04:47]} Bd6 $2 {[%emt 0:03:59]} ({Black should play} 28... Rg6 $17 29. Nb2 (29. bxc4 Re6 $17) 29... Re8 30. Nxc4 Rxe3 31. Na5+ Kxa7 32. Nxc6+ Kb6) 29. bxc4 {[%emt 0:19:32]} Bxf4 {[%emt 0:04:00]} 30. Nc5+ {[%emt 0:01:08]} Qxc5 {[%emt 0:05:38]} 31. Qxc5 {[%emt 0:00:38]} Nxc5 {[%emt 0:00:07]} 32. Bxc5 $11 {[%emt 0:01:02]} Rxd1+ {[%emt 0:07:37]} 33. Rxd1 {[%emt 0:00:23]} Bxg3 {[%emt 0:09:46]} 34. hxg3 {[%emt 0:01:03]} Rxg3+ {[%emt 0:00:08]} 35. Kf2 {[%emt 0:00:18]} Rc3 {[%emt 0:00:12]} 36. Bxb4 {[%emt 0:02:45]} Rxc4 {[%emt 0:00:14]} 37. Bd6 {[%emt 0:00:10]} Kc6 {[%emt 0:00:27]} 38. Be5 {[%emt 0:00:13]} Rc5 {[%emt 0:01:11]} 39. Rd6+ {[%emt 0:00:18]} Kb5 {[%emt 0:00:07]} 40. Bf4 {[%emt 0:00:16]} Rf5 {[%emt 0:00:14]} 41. Ke3 {[%emt 0:00:13]} Kc5 {[%emt 0:00:12]} 42. Rd7 {[%emt 0:00:22]} Kc6 {[%emt 0:00:32]} 43. Ra7 {[%emt 0:00:52]} Kb6 {[%emt 0:00:34]} 44. Re7 {[%emt 0:00:06]} Rf6 {[%emt 0:00:31]} 45. Kf3 {[%emt 0:00:46]} Kc6 {[%emt 0:00:15]} 46. Kg4 {[%emt 0:00:04]} Kd5 {[%emt 0:01:19]} 47. Kg5 {[%emt 0:00:14]} Rg6+ {[%emt 0:00:05]} 48. Kf5 {[%emt 0:00:13]} Rg7 {[%emt 0:00:27]} 49. Kf6 {[%emt 0:00:25]} Rh7 {[%emt 0:00:05]} 50. Re5+ {[%emt 0:00:16]} Kd4 {[%emt 0:00:10]} 51. Ra5 {[%emt 0:00:17]} Ke4 {[%emt 0:00:43]} 52. Bd6 {[%emt 0:01:09]} Rh6+ {[%emt 0:00:39]} 53. Ke7 {[%emt 0:00:23]} Re6+ {[%emt 0:01:38]} 54. Kd7 {[%emt 0:00:14]} Rg6 {[%emt 0:00:39]} 55. Ra4+ {[%emt 0:00:37]} Ke3 {[%emt 0:00:38]} 56. Bf4+ {[%emt 0:00:19]} Kf3 {[%emt 0:00:13]} 57. Bc1 {[%emt 0:00:38]} Rg4 {[%emt 0:00:31]} 58. Ra3+ {[%emt 0:00:24]} Ke4 {[%emt 0:00:07]} 59. Re3+ {[%emt 0:00:15]} Kf5 {[%emt 0:00:47]} 60. Rf3+ {[%emt 0:00:13]} Kg6 {[%emt 0:00:08]} 61. Kd6 {[%emt 0:00:26]} f5 {[%emt 0:01:01]} 62. Bf4 {[%emt 0:00:20]} Rg1 {[%emt 0:00:21]} 63. Ke6 {[%emt 0:00:09]} Re1+ {[%emt 0:00:11]} 64. Be5 {[%emt 0:00:08]} Kg5 {[%emt 0:01:46]} 65. Rxf5+ {[%emt 0:01:14]} Kg4 {[%emt 0:00:16]} 66. Rf2 {[%emt 0:00:11]} Rb1 {[%emt 0:00:19]} 67. Rg2+ {[%emt 0:00:29]} Kf3 {[%emt 0:00:09]} 68. Rc2 {[%emt 0:00:27]} Rb3 {[%emt 0:00:10]} 69. Kf5 {[%emt 0:00:08]} Ra3 {[%emt 0:00:26]} 70. Rh2 {[%emt 0:00:07]} Ra4 {[%emt 0:00:14]} 71. Rh3+ {[%emt 0:00:50]} Kg2 {[%emt 0:00:08]} 72. Rb3 {[%emt 0:00:28]} Rc4 {[%emt 0:00:12]} 73. Bf4 {[%emt 0:00:10]} Rc8 {[%emt 0:00:32]} 74. Kg4 {[%emt 0:00:09]} Rg8+ {[%emt 0:00:28]} 75. Bg5 {[%emt 0:00:09]} Rf8 {[%emt 0:01:40]} 76. Rg3+ {[%emt 0:01:51]} Kf2 {[%emt 0:00:17]} 77. Rd3 {[%emt 0:00:41]} Kg2 {[%emt 0:00:09]} 78. Rb3 {[%emt 0:01:15]} Rf7 {[%emt 0:00:19]} 79. Rb8 {[%emt 0:00:53]} Rf2 {[%emt 0:01:17]} 80. Bf4 {[%emt 0:00:45]} Ra2 {[%emt 0:01:17]} 81. Rh8 {[%emt 0:00:12]} Ra7 {[%emt 0:00:16]} 82. Rh2+ {[%emt 0:00:16]} Kg1 {[%emt 0:02:26]} 83. Rc2 {[%emt 0:00:39]} Ra1 {[%emt 0:01:56]} 84. Be3+ {[%emt 0:00:57]} Kh1 {[%emt 0:07:24]} 85. Kh3 {[%emt 0:00:28]} Ra2 {[%emt 0:03:03]} 86. Rc1# {[%emt 0:00:05]} 1-0

[Event "Fagernes International 2022"]
[Site "Fagernes"]
[Date "2022.04.11"]
[Round "2.8"]
[White "Wiig, Ole Martin"]
[Black "Simonsen, David Mindestrommen"]
[Result "0-1"]
[WhiteElo "1797"]
[BlackElo "1633"]
[Annotator "NA RC"]
[PlyCount "64"]
[EventDate "2022.04.10"]
[EventCountry "NOR"]
[SourceTitle "playchess.com"]
[Source "ChessBase"]
[SourceQuality "1"]

1. e4 {[%emt 0:00:02]} c5 {[%emt 0:00:09]} 2. Nc3 {[%emt 0:00:16]} Nc6 {[%emt 0:00:21]} 3. Bb5 {[%emt 0:00:22]} Nd4 {[%emt 0:00:15]} 4. Nf3 {[%emt 0:00:27]} g6 {[%emt 0:00:36]} 5. Rb1 {[%emt 0:08:10]} Nxb5 {[%emt 0:07:12]} 6. Nxb5 {[%emt 0:00:17]} Bg7 {[%emt 0:00:45]} 7. O-O {[%emt 0:03:19]} d6 {[%emt 0:02:05]} 8. h3 {[%emt 0:01:43]} e5 {[%emt 0:02:54]} 9. Nc3 {[%emt 0:04:42]} Ne7 {[%emt 0:00:34]} 10. d3 {[%emt 0:02:48]} O-O {[%emt 0:02:03]} 11. Nd2 {[%emt 0:07:29]} f5 {[%emt 0:04:24]} 12. Nc4 {[%emt 0:08:18]} a6 {[%emt 0:07:17]} 13. Bg5 {[%emt 0:09:22]} Bf6 {[%emt 0:02:34]} 14. Bxf6 {[%emt 0:04:00]} Rxf6 {[%emt 0:01:12]} 15. Ne3 {[%emt 0:00:32]} Be6 {[%emt 0:01:05]} 16. b4 {[%emt 0:03:51]} cxb4 {[%emt 0:05:42]} 17. Rxb4 {[%emt 0:01:55]} Qc7 {[%emt 0:06:42]} 18. Qd2 {[%emt 0:03:33]} b5 {[%emt 0:04:54]} 19. a4 {[%emt 0:02:26]} Rc8 {[%emt 0:00:56]} 20. Ncd5 {[%emt 0:06:40]} Bxd5 {[%emt 0:00:53]} 21. exd5 {[%emt 0:01:17]} f4 {[%emt 0:04:44]} 22. Ng4 {[%emt 0:00:49]} Rff8 {[%emt 0:00:09]} 23. c4 {[%emt 0:01:59]} bxc4 {[%emt 0:00:50]} 24. dxc4 {[%emt 0:00:49]} h5 {[%emt 0:01:11]} 25. Nh2 {[%emt 0:00:44]} a5 {[%emt 0:01:16]} 26. Rb5 {[%emt 0:01:15]} Qxc4 {[%emt 0:00:29]} 27. Rfb1 {[%emt 0:00:46]} Rc5 {[%emt 0:05:17]} 28. Rxc5 {[%emt 0:01:32]} Qxc5 {[%emt 0:00:27]} 29. Rb5 {[%emt 0:00:39]} Qc4 {[%emt 0:01:16]} 30. Rxa5 {[%emt 0:02:02]} Rb8 {[%emt 0:01:48]} 31. Nf3 {[%emt 0:05:08]} Rb1+ {[%emt 0:02:06]} 32. Kh2 {[%emt 0:03:01]} Qf1 {[%emt 0:01:14]} 0-1

[Event "Fagernes International 2022"]
[Site "Fagernes"]
[Date "2022.04.11"]
[Round "2.9"]
[White "Andersen, Edvard"]
[Black "Ji, Jiahao Eric"]
[Result "1-0"]
[WhiteElo "1534"]
[BlackElo "1664"]
[Annotator "NA RC"]
[PlyCount "99"]
[EventDate "2022.04.10"]
[EventCountry "NOR"]
[SourceTitle "playchess.com"]
[Source "ChessBase"]
[SourceQuality "1"]

1. e4 {[%emt 0:00:03]} e6 {[%emt 0:00:06]} 2. d4 {[%emt 0:00:07]} d5 {[%emt 0:00:03]} 3. exd5 {[%emt 0:00:15]} exd5 {[%emt 0:00:11]} 4. Bd3 {[%emt 0:00:07]} Nc6 {[%emt 0:00:16]} 5. c3 {[%emt 0:00:48]} Bd6 {[%emt 0:00:25]} 6. Nf3 {[%emt 0:00:12]} Nge7 {[%emt 0:00:11]} 7. O-O {[%emt 0:01:33]} Bg4 {[%emt 0:00:11]} 8. Bg5 {[%emt 0:01:01]} Qd7 {[%emt 0:01:15]} 9. Nbd2 {[%emt 0:00:46]} O-O-O {[%emt 0:00:52]} 10. Qa4 {[%emt 0:06:30]} f6 {[%emt 0:05:25]} 11. Be3 {[%emt 0:09:36]} h6 {[%emt 0:03:32]} 12. Bb5 {[%emt 0:03:17]} a6 {[%emt 0:05:50]} 13. Be2 {[%emt 0:09:17]} f5 {[%emt 0:04:43]} 14. Nb3 {[%emt 0:08:43]} f4 {[%emt 0:00:43]} 15. Bd2 {[%emt 0:05:15]} Bxf3 {[%emt 0:01:16]} 16. Bxf3 {[%emt 0:01:36]} g5 {[%emt 0:00:42]} 17. c4 {[%emt 0:06:09]} dxc4 {[%emt 0:04:21]} 18. Qxc4 {[%emt 0:04:24]} g4 {[%emt 0:01:10]} 19. Bxc6 {[%emt 0:05:54]} Nxc6 {[%emt 0:00:22]} 20. d5 {[%emt 0:07:51]} Ne5 {[%emt 0:01:42]} 21. Qd4 {[%emt 0:01:02]} Nf3+ {[%emt 0:04:29]} 22. gxf3 {[%emt 0:00:03]} gxf3 {[%emt 0:00:06]} 23. Kh1 {[%emt 0:06:35]} Qh3 {[%emt 0:00:28]} 24. Rg1 {[%emt 0:01:06]} Rhg8 {[%emt 0:00:04]} 25. Rg7 {[%emt 0:02:15]} Rde8 {[%emt 0:03:28]} 26. Rag1 {[%emt 0:03:44]} Rxg7 {[%emt 0:04:10]} 27. Qxg7 {[%emt 0:01:12]} Kb8 {[%emt 0:01:56]} 28. Qg4 {[%emt 0:00:46]} Qxg4 {[%emt 0:00:07]} 29. Rxg4 {[%emt 0:00:05]} Re2 {[%emt 0:00:11]} 30. Kg1 {[%emt 0:04:27]} a5 {[%emt 0:00:25]} 31. Bc3 {[%emt 0:07:23]} Rc2 {[%emt 0:02:46]} 32. Kf1 {[%emt 0:01:38]} a4 {[%emt 0:00:59]} 33. Nd4 {[%emt 0:00:11]} Rc1+ {[%emt 0:00:23]} 34. Be1 {[%emt 0:00:01]} Ra1 {[%emt 0:01:31]} 35. Rg8+ {[%emt 0:01:51]} Ka7 {[%emt 0:00:03]} 36. Nb5+ {[%emt 0:00:11]} Kb6 {[%emt 0:00:07]} 37. Nxd6 {[%emt 0:00:06]} cxd6 {[%emt 0:00:03]} 38. Rf8 {[%emt 0:01:32]} Rxa2 {[%emt 0:00:40]} 39. Rxf4 {[%emt 0:00:13]} Kc5 {[%emt 0:00:35]} 40. Rxf3 {[%emt 0:01:42]} Rxb2 {[%emt 0:00:36]} 41. Ra3 {[%emt 0:01:46]} b5 {[%emt 0:00:26]} 42. f4 {[%emt 0:20:33]} Kxd5 {[%emt 0:01:33]} 43. f5 {[%emt 0:01:13]} Rxh2 {[%emt 0:00:57]} 44. Rd3+ {[%emt 0:10:14]} Ke4 {[%emt 0:04:58]} 45. f6 {[%emt 0:01:10]} Rh5 {[%emt 0:00:48]} 46. Rxd6 {[%emt 0:01:25]} a3 {[%emt 0:00:52]} 47. Ra6 {[%emt 0:01:19]} a2 {[%emt 0:01:03]} 48. Rxa2 {[%emt 0:00:22]} Rg5 {[%emt 0:01:21]} 49. f7 {[%emt 0:00:33]} Rf5+ {[%emt 0:01:04]} 50. Rf2 {[%emt 0:00:03]} 1-0

[Event "Fagernes International 2022"]
[Site "Fagernes"]
[Date "2022.04.11"]
[Round "2.10"]
[White "Ali, Karim"]
[Black "Tiupenko, Mihail"]
[Result "1-0"]
[WhiteElo "1786"]
[BlackElo "1621"]
[Annotator "NA RC"]
[PlyCount "71"]
[EventDate "2022.04.10"]
[EventCountry "NOR"]
[SourceTitle "playchess.com"]
[Source "ChessBase"]
[SourceQuality "1"]

1. e4 {[%emt 0:03:44]} e5 {[%emt 0:00:20]} 2. Bc4 {[%emt 0:00:21]} Nf6 {[%emt 0:00:46]} 3. d4 {[%emt 0:01:11]} exd4 {[%emt 0:00:50]} 4. Nf3 {[%emt 0:00:41]} Bb4+ {[%emt 0:03:24]} 5. c3 {[%emt 0:00:51]} dxc3 {[%emt 0:00:58]} 6. Bxf7+ {[%emt 0:00:34]} Kxf7 {[%emt 0:01:21]} 7. Qb3+ {[%emt 0:00:30]} d5 {[%emt 0:01:21]} 8. Qxb4 {[%emt 0:00:13]} c2 {[%emt 0:01:19]} 9. Nc3 {[%emt 0:08:45]} Nc6 {[%emt 0:08:32]} 10. Qb3 {[%emt 0:00:23]} Re8 {[%emt 0:03:12]} 11. O-O {[%emt 0:01:02]} Na5 {[%emt 0:10:16]} 12. Qxc2 {[%emt 0:00:59]} dxe4 {[%emt 0:01:16]} 13. Ng5+ {[%emt 0:03:19]} Kg8 {[%emt 0:01:15]} 14. b4 {[%emt 0:05:16]} h6 {[%emt 0:02:58]} 15. Ngxe4 {[%emt 0:11:39]} Nxe4 {[%emt 0:00:47]} 16. bxa5 {[%emt 0:06:11]} Nxc3 {[%emt 0:01:31]} 17. Qxc3 {[%emt 0:00:15]} Be6 {[%emt 0:04:47]} 18. Bb2 {[%emt 0:00:38]} Qd7 {[%emt 0:00:47]} 19. Rad1 {[%emt 0:09:25]} Qf7 {[%emt 0:00:46]} 20. Rd3 {[%emt 0:03:26]} Rad8 {[%emt 0:00:26]} 21. Rg3 {[%emt 0:05:28]} Rd7 {[%emt 0:00:18]} 22. Re1 {[%emt 0:02:55]} Rde7 {[%emt 0:05:49]} 23. h3 {[%emt 0:09:44]} c6 {[%emt 0:01:12]} 24. Re4 {[%emt 0:13:07]} Bd7 {[%emt 0:06:27]} 25. Rh4 {[%emt 0:09:17]} Kh7 {[%emt 0:04:04]} 26. Rf4 {[%emt 0:01:53]} Qg8 {[%emt 0:02:21]} 27. Qc2+ {[%emt 0:03:57]} g6 {[%emt 0:00:14]} 28. Rf6 {[%emt 0:01:16]} Rg7 {[%emt 0:00:57]} 29. Rd6 {[%emt 0:01:16]} Bf5 {[%emt 0:02:36]} 30. Qd2 {[%emt 0:00:08]} Rge7 {[%emt 0:01:00]} 31. Re3 {[%emt 0:01:42]} Rxe3 {[%emt 0:04:58]} 32. fxe3 {[%emt 0:00:07]} Qf7 {[%emt 0:01:09]} 33. Qd4 {[%emt 0:01:01]} Qe7 {[%emt 0:01:25]} 34. e4 {[%emt 0:00:33]} Be6 {[%emt 0:00:31]} 35. Rxe6 {[%emt 0:00:16]} Qxe6 {[%emt 0:00:22]} 36. Qg7# {[%emt 0:00:05]} 1-0

[Event "Fagernes International 2022"]
[Site "Fagernes"]
[Date "2022.04.11"]
[Round "2.11"]
[White "Vatneodegard, Marie"]
[Black "Stromhaug, Kristoffer Wang"]
[Result "0-1"]
[WhiteElo "1060"]
[BlackElo "1694"]
[Annotator "NA RC"]
[PlyCount "92"]
[EventDate "2022.04.10"]
[EventCountry "NOR"]
[SourceTitle "playchess.com"]
[Source "ChessBase"]
[SourceQuality "1"]

1. e4 {[%emt 0:00:03]} c5 {[%emt 0:00:15]} 2. c3 {[%emt 0:00:17]} d5 {[%emt 0:00:28]} 3. exd5 {[%emt 0:00:37]} Qxd5 {[%emt 0:00:06]} 4. d4 {[%emt 0:00:12]} cxd4 {[%emt 0:02:01]} 5. Nf3 {[%emt 0:00:52]} Nc6 {[%emt 0:02:12]} 6. Na3 {[%emt 0:07:13]} Bg4 {[%emt 0:01:21]} 7. Be2 {[%emt 0:00:58]} Rd8 {[%emt 0:00:47]} 8. Nb5 {[%emt 0:01:37]} Rd7 {[%emt 0:03:28]} 9. Nbxd4 {[%emt 0:03:48]} Nxd4 {[%emt 0:00:15]} 10. cxd4 {[%emt 0:01:05]} e6 {[%emt 0:02:28]} 11. O-O {[%emt 0:01:15]} Nf6 {[%emt 0:04:00]} 12. Qc2 {[%emt 0:04:02]} Bd6 {[%emt 0:02:21]} 13. Be3 {[%emt 0:05:27]} O-O {[%emt 0:01:50]} 14. Rfd1 {[%emt 0:01:25]} Rc7 {[%emt 0:02:51]} 15. Qd2 {[%emt 0:00:34]} Ne4 {[%emt 0:02:14]} 16. Qd3 {[%emt 0:02:00]} Bf5 {[%emt 0:02:28]} 17. Qb5 {[%emt 0:05:07]} Qxb5 {[%emt 0:04:23]} 18. Bxb5 {[%emt 0:00:12]} Rc2 {[%emt 0:00:24]} 19. b3 {[%emt 0:04:17]} Nc3 {[%emt 0:01:24]} 20. Bc4 {[%emt 0:12:41]} b5 {[%emt 0:02:19]} 21. Bf1 {[%emt 0:01:28]} Nxd1 {[%emt 0:00:28]} 22. Rxd1 {[%emt 0:00:12]} a6 {[%emt 0:03:06]} 23. a4 {[%emt 0:02:17]} bxa4 {[%emt 0:01:22]} 24. bxa4 {[%emt 0:00:26]} a5 {[%emt 0:00:19]} 25. d5 {[%emt 0:00:46]} e5 {[%emt 0:00:42]} 26. h3 {[%emt 0:00:49]} Bd7 {[%emt 0:02:20]} 27. Nd2 {[%emt 0:02:22]} Bxa4 {[%emt 0:02:55]} 28. Ra1 {[%emt 0:01:36]} Bb4 {[%emt 0:04:08]} 29. Rxa4 {[%emt 0:02:17]} Bxd2 {[%emt 0:00:20]} 30. Bb6 {[%emt 0:00:48]} Rc1 {[%emt 0:04:34]} 31. Bxa5 {[%emt 0:01:21]} Bxa5 {[%emt 0:00:06]} 32. Rxa5 {[%emt 0:00:19]} Rd1 {[%emt 0:00:27]} 33. g3 {[%emt 0:00:23]} Rd8 {[%emt 0:00:11]} 34. Kg2 {[%emt 0:02:10]} R1xd5 {[%emt 0:00:13]} 35. Ra4 {[%emt 0:00:36]} g6 {[%emt 0:00:26]} 36. Re4 {[%emt 0:01:29]} Kg7 {[%emt 0:00:27]} 37. h4 {[%emt 0:02:52]} Rc5 {[%emt 0:01:03]} 38. Be2 {[%emt 0:01:01]} f5 {[%emt 0:00:30]} 39. Ra4 {[%emt 0:01:32]} Rd2 {[%emt 0:00:29]} 40. Bc4 {[%emt 0:01:47]} Rc7 {[%emt 0:00:49]} 41. Bb3 {[%emt 0:01:35]} Rb2 {[%emt 0:00:52]} 42. Bd1 {[%emt 0:02:17]} Rd7 {[%emt 0:00:15]} 43. Bg4 {[%emt 0:03:46]} fxg4 {[%emt 0:00:13]} 44. Rxg4 {[%emt 0:00:23]} Rdd2 {[%emt 0:00:07]} 45. Re4 {[%emt 0:00:52]} Rxf2+ {[%emt 0:00:06]} 46. Kh3 {[%emt 0:00:15]} h5 {[%emt 0:00:07]} 0-1

[Event "Fagernes International 2022"]
[Site "Fagernes"]
[Date "2022.04.11"]
[Round "2.12"]
[White "Donchenko, Irina"]
[Black "Gasland, Lukas Dominik"]
[Result "0-1"]
[WhiteElo "2057"]
[BlackElo "1478"]
[Annotator "RC"]
[PlyCount "70"]
[EventDate "2022.04.10"]
[EventCountry "NOR"]
[SourceTitle "playchess.com"]
[Source "ChessBase"]
[SourceQuality "1"]

1. c4 Nf6 2. Nf3 e6 3. d4 d5 4. g3 Be7 5. Bg2 O-O 6. O-O dxc4 7. Ne5 c6 8. Nc3 Nbd7 9. Nxc4 Nb6 10. Na5 Bb4 11. Nb3 Nbd5 12. Qc2 Re8 13. Rd1 Qc7 14. e4 Nb6 15. Bf4 Qe7 16. Ne2 Nh5 17. Be3 e5 18. dxe5 Qxe5 19. f4 Qe6 20. Bf3 Nf6 21. Bc5 Bxc5+ 22. Nxc5 Qh3 23. Bg2 Qh5 24. Nd4 Ng4 25. Bf3 Nc4 26. f5 Nce3 27. Qe2 Qg5 28. Re1 Nxf5 29. Nde6 fxe6 30. exf5 Nf6 31. Ne4 Qxf5 32. Rad1 Rf8 33. Nd6 Qc5+ 34. Kg2 e5 35. Rc1 Qxd6 0-1

[Event "Fagernes International 2022"]
[Site "Fagernes"]
[Date "2022.04.11"]
[Round "2.13"]
[White "Reinhardt, Johannes"]
[Black "Andersen, Martin K"]
[Result "1-0"]
[WhiteElo "1893"]
[BlackElo "1558"]
[Annotator "NA RC"]
[PlyCount "79"]
[EventDate "2022.04.10"]
[EventCountry "NOR"]
[SourceTitle "playchess.com"]
[Source "ChessBase"]
[SourceQuality "1"]

1. d4 {[%emt 0:00:04]} Nf6 {[%emt 0:00:05]} 2. Nf3 {[%emt 0:00:05]} c6 {[%emt 0:00:11]} 3. g3 {[%emt 0:00:20]} d5 {[%emt 0:00:37]} 4. Bg2 {[%emt 0:00:07]} Bf5 {[%emt 0:00:48]} 5. O-O {[%emt 0:00:18]} e6 {[%emt 0:02:41]} 6. c4 {[%emt 0:00:48]} Be7 {[%emt 0:00:14]} 7. Nc3 {[%emt 0:01:01]} Ne4 {[%emt 0:04:06]} 8. Nd2 {[%emt 0:08:28]} Nxc3 {[%emt 0:00:42]} 9. bxc3 {[%emt 0:00:06]} Nd7 {[%emt 0:00:26]} 10. f3 {[%emt 0:08:46]} O-O {[%emt 0:14:41]} 11. e4 {[%emt 0:00:56]} Bg6 {[%emt 0:00:56]} 12. cxd5 {[%emt 0:12:17]} cxd5 {[%emt 0:00:55]} 13. Qb3 {[%emt 0:08:56]} dxe4 {[%emt 0:06:59]} 14. fxe4 {[%emt 0:01:02]} Qc7 {[%emt 0:09:17]} 15. Kh1 {[%emt 0:13:03]} Nb6 {[%emt 0:07:32]} (15... Rfc8 $17 16. Bb2 Rab8) 16. Bb2 {[%emt 0:12:08]} Rab8 {[%emt 0:15:17]} 17. Rfe1 {[%emt 0:07:06]} Rfc8 {[%emt 0:02:44]} 18. Rad1 {[%emt 0:01:43]} Nc4 {[%emt 0:03:41]} 19. Nxc4 {[%emt 0:04:13]} Qxc4 {[%emt 0:00:06]} 20. Bf1 $11 {[%emt 0:08:38]} Qxb3 {[%emt 0:09:22]} 21. axb3 {[%emt 0:00:08]} Bg5 {[%emt 0:03:33]} 22. c4 {[%emt 0:02:27]} a5 {[%emt 0:02:42]} 23. Bc3 {[%emt 0:05:02]} b6 {[%emt 0:01:39]} 24. Kg2 {[%emt 0:03:03]} h6 {[%emt 0:04:54]} 25. h4 {[%emt 0:02:04]} Bf6 {[%emt 0:00:39]} 26. Rd2 {[%emt 0:01:51]} Rd8 {[%emt 0:00:27]} 27. e5 {[%emt 0:01:43]} Be7 {[%emt 0:00:21]} 28. d5 {[%emt 0:03:03]} exd5 {[%emt 0:00:31]} 29. cxd5 {[%emt 0:00:08]} Bc5 {[%emt 0:00:26]} 30. d6 {[%emt 0:00:21]} Bf5 {[%emt 0:00:36]} 31. Bc4 {[%emt 0:02:18]} Rb7 {[%emt 0:11:48]} 32. Bd5 {[%emt 0:00:39]} Ra7 {[%emt 0:00:06]} 33. Rf1 {[%emt 0:00:32]} Be6 {[%emt 0:05:07]} 34. Bxe6 {[%emt 0:01:13]} fxe6 {[%emt 0:00:03]} 35. Ra2 {[%emt 0:01:29]} Rad7 {[%emt 0:01:09]} 36. Rc2 {[%emt 0:00:18]} Ra8 {[%emt 0:01:24]} 37. Rf4 {[%emt 0:00:37]} Rb7 {[%emt 0:01:35]} 38. Kf3 {[%emt 0:01:28]} Rf7 {[%emt 0:00:50]} 39. Ke4 {[%emt 0:00:31]} Kf8 {[%emt 0:00:31]} 40. Bd4 {[%emt 0:00:34]} 1-0

[Event "Fagernes International 2022"]
[Site "Fagernes"]
[Date "2022.04.11"]
[Round "2.14"]
[White "Johannessen, Theo N"]
[Black "Hina, Ariza"]
[Result "1-0"]
[WhiteElo "1766"]
[BlackElo "1547"]
[Annotator "NA RC"]
[PlyCount "79"]
[EventDate "2022.04.10"]
[EventCountry "NOR"]
[SourceTitle "playchess.com"]
[Source "ChessBase"]
[SourceQuality "1"]

1. d4 {[%emt 0:00:03]} d5 {[%emt 0:01:56]} 2. Nf3 {[%emt 0:00:22]} Nf6 {[%emt 0:00:18]} 3. c4 {[%emt 0:00:25]} e6 {[%emt 0:00:08]} 4. Nc3 {[%emt 0:00:41]} Be7 {[%emt 0:01:12]} 5. Bf4 {[%emt 0:00:37]} c6 {[%emt 0:02:59]} 6. e3 {[%emt 0:00:43]} Nbd7 {[%emt 0:02:22]} 7. Qc2 {[%emt 0:01:50]} O-O {[%emt 0:00:46]} 8. Rd1 {[%emt 0:00:40]} a6 {[%emt 0:02:49]} 9. c5 {[%emt 0:01:36]} b6 {[%emt 0:01:55]} 10. b4 {[%emt 0:00:50]} a5 {[%emt 0:01:56]} 11. a3 {[%emt 0:01:33]} b5 {[%emt 0:10:37]} 12. Bd3 {[%emt 0:03:55]} Bb7 {[%emt 0:07:05]} 13. O-O {[%emt 0:00:58]} h6 {[%emt 0:00:08]} 14. Rfe1 {[%emt 0:22:31]} Re8 {[%emt 0:09:31]} 15. Ne5 {[%emt 0:10:23]} Nxe5 {[%emt 0:09:35]} 16. Bxe5 {[%emt 0:00:26]} Ng4 {[%emt 0:01:36]} 17. Bg3 {[%emt 0:00:43]} Bh4 {[%emt 0:19:55]} 18. e4 {[%emt 0:04:26]} Bxg3 {[%emt 0:06:57]} 19. hxg3 {[%emt 0:00:12]} Nf6 {[%emt 0:00:07]} 20. e5 {[%emt 0:05:05]} Nd7 {[%emt 0:00:17]} 21. Nxb5 {[%emt 0:05:50]} cxb5 {[%emt 0:06:23]} 22. c6 {[%emt 0:00:07]} Rc8 {[%emt 0:02:15]} 23. cxd7 {[%emt 0:00:16]} Qxd7 {[%emt 0:01:03]} 24. Qe2 {[%emt 0:01:28]} axb4 {[%emt 0:02:19]} 25. axb4 {[%emt 0:03:31]} Bc6 {[%emt 0:09:00]} 26. Rc1 {[%emt 0:01:10]} Rb8 {[%emt 0:01:48]} 27. Rc5 {[%emt 0:00:46]} Rec8 {[%emt 0:01:16]} 28. Rec1 {[%emt 0:00:14]} Qe8 {[%emt 0:00:59]} 29. R1c3 {[%emt 0:12:29]} Rb6 {[%emt 0:01:18]} 30. Qc2 {[%emt 0:00:56]} Rc7 {[%emt 0:06:40]} 31. Bxb5 {[%emt 0:01:49]} Bxb5 {[%emt 0:00:28]} 32. Rxc7 {[%emt 0:00:11]} Bc4 {[%emt 0:00:07]} 33. Ra3 {[%emt 0:08:47]} Rxb4 {[%emt 0:00:35]} 34. Raa7 {[%emt 0:00:10]} g6 {[%emt 0:00:35]} 35. Qd2 {[%emt 0:01:28]} Rb1+ {[%emt 0:00:27]} 36. Kh2 {[%emt 0:00:06]} g5 {[%emt 0:00:29]} 37. Qa5 {[%emt 0:01:53]} Kg7 {[%emt 0:00:36]} 38. Qc5 {[%emt 0:01:19]} Rf1 {[%emt 0:00:30]} 39. f3 {[%emt 0:00:51]} Rf2 {[%emt 0:00:31]} 40. Rc8 {[%emt 0:01:37]} 1-0